| 000 | 00758nam a2200193Ia 4500 | ||
|---|---|---|---|
| 003 | GCL | ||
| 008 | 140319s9999 xx 000 0 ara d | ||
| 040 |
_aGCL / _cGCL |
||
| 082 | 0 | 4 |
_a254 _bم م |
| 100 | 1 | _aمحمود محمد عبدالعزيز الزينى | |
| 245 | 1 | 0 |
_aمسئولية الاطباء عن العمليات التعويضية والتجميلية والرتق العذرى فى الشريعة الاسلامية والقانون الوضعى / _cمحمود محمد عبدالعزيز الزينى |
| 300 | _a267 ص | ||
| 490 |
_aالهيئة العامة للاستعلامات _v0 |
||
| 650 | 0 | 4 | _aالطب |
| 650 | 0 | 4 | _aالاسلام |
| 650 | 0 | 4 | _aالشريعة الاسلامية |
| 650 | 0 | 4 | _aالتجميل |
| 942 |
_2ddc _cBK |
||
| 999 |
_c49810 _d49810 |
||